100 Cities by Letter - T - Statistics

General Stats
  • This quiz has been taken 2,166 times
    2,134 since last reset
  • The average score is 40 of 100
Answer Stats
Hint City % Correct
CN Tower is located here Toronto
97%
Its name means "North of Taiwan" Taipei
93%
Capital of Albania Tirana
92%
Home to Israel's only stock exchange Tel Aviv
91%
Bay and city in western Florida Tampa
89%
Capital of Uzbekistan Tashkent
87%
Italian city with a famous shroud Turin
87%
Capital of Florida Tallahassee
86%
Mexican city near San Diego Tijuana
85%
1979 U.S. embassy takeover site Tehran
84%
The ruins of Carthage lie here Tunis
84%
Estonian capital once called Reval Tallinn
83%
Twice hosted the Summer Olympics Tokyo
81%
Capital of Bhutan Thimphu
79%
"Mermaid of the Mediterranean" Tripoli
79%
Trans-Saharan trading center in Mali Timbuktu
78%
Tangerine's etymological origins Tangier
76%
Named after the biggest car-producing company in Japan Toyota
74%
Bolivian city or Tobago's counter-part Trinidad
70%
Port city adjacent to Beijing Tianjin
68%
Italian port on the Slovenian border Trieste
68%
Europe's aerospace industry center Toulouse
65%
Arizona's "Old Pueblo" Tucson
63%
Historical Viking capital of Norway Trondheim
62%
Site of a 1921 massacre in Oklahoma Tulsa
62%
Largest inland city of Finland Tampere
58%
At times, was the second mostimportant city in the Byzantine Empire Thessaloniki
58%
International Court of Justice The Hague
56%
Finland's oldest city Turku
56%
New York village or men's formal wear Tuxedo
56%
Michiganian city of Homeric war Troy
54%
Was painted by El Greco Toledo
53%
Ancient city in Lebanon oftenlinked with Sidon Tyre
47%
According to Quentin Tarantino'slast name, he should be from here Taranto
45%
Site of world's northernmost university Tromsø
45%
Replaced Comayagua as capital Tegucigalpa
42%
Straddles the Texas-Arkansas border Texarkana
42%
Where Washington launched a surprise attack in 1776 Trenton
42%
Capital of Transnistria Tiraspol
41%
Second-largest city in Estonia Tartu
40%
Main city of Western Romania Timișoara
39%
French Mediterranean Fleet HQ Toulon
38%
Main campus of University of Alabama Tuscaloosa
38%
National capital on the Kura River Tbilisi
37%
Canada's main city on Lake Superior Thunder Bay
37%
German city near Luxembourg Trier
37%
Largest city in Central Taiwan Taichung
35%
Texan city of 100,000 people that isnamed for the 10th U.S. president Tyler
35%
Largest city on the Sea of Galilee.Named for the 2nd Roman emperor Tiberias
33%
Unofficial capital of tropical North Queensland Townsville
32%
Peruvian city or a Dominican dictator Trujillo
32%
Its Narrows Bridge collapsed spectacularly in 1940 Tacoma
31%
Catalonian city that was the capital of Roman era Spain Tarragona
31%
Ancient Greek city with a sacred band Thebes
31%
Major Turkish port on the Black Sea Trabzon
30%
Alabaman city home to a black college famous for airmen Tuskegee
30%
Housed "Fort Zeelandia", a formerkey Dutch trading base in Taiwan Tainan
28%
Saw a federal court case against its Board of Education which banned racial segregation in all public schools Topeka
28%
A 732 AD French victory against Umayyad forces took place near it Tours
28%
Great Britain's southernmost city Truro
28%
Elvis was born here Tupelo
28%
Capital of Shanxi, China Taiyuan
26%
Alabaman city home to one of NASCAR's most famous tracks Talladega
26%
Capital of the State of Mexico Toluca
24%
First capital of the Safavid Empire Tabriz
22%
Largest city in New Zealandwith a Maori name Tauranga
21%
Wool capital of the Netherlands Tilburg
21%
Second-largest city in Senegal Touba
21%
Georgia O'Keefe lived in an artist's colony here in New Mexico Taos
20%
Located 27 km north of Venice Treviso
20%
"Queen City of the Wabash" whose name is French for "highland" Terre Haute
19%
Largest Turkmen city on Caspian Sea Türkmenbaşy
19%
Yemen's third-largest city Taiz
18%
Add a Vietnamese family name to a Southeast Asian language, then you'll get a Vietnamese city Thái Nguyên
18%
Turkmen city once called "Cärjew" Türkmenabat
18%
Capital of Piauí, Brazil Teresina
16%
Sicilian setting of the second seasonof "The White Lotus" Taormina
14%
Birthplace of Nicolaus Copernicus Toruń
14%
Spanish colonial capital of Morocco Tétouan
13%
City of 141,000 people in the Denver metropolitan area Thornton
13%
Northernmost town on Great Britain Thurso
13%
City where Alexei Navalny's airplane landed after he was poisoned Tomsk
13%
Michiganian city that hosts a Cherry Festival each year Traverse City
13%
New Zealand's largest lake namesake Taupō
12%
Major cities in Tamil Nadu that bothstart with "Tiru" Tiruchirappalli
12%
Saudi Arabia's summer capital Taif
11%
Major coastal city in Zhejiang, China Taizhou
11%
Queensland's "Garden City" Toowoomba
11%
Deadly 1976 Chinese earthquake site Tangshan
10%
Second-largest city in Madagascar Toamasina
10%
Where Libya's legislature relocatedto after an Islamist coup in 2014 Tobruk
10%
Southernmost city in Sweden Trelleborg
10%
Namesake of Saudi Arabia'swesternmost province Tabuk
9%
Capital of Anguilla The Valley
9%
Home to Jakarta metropolitan area'smain international airport Tangerang
8%
Major cities in Tamil Nadu that bothstart with "Tiru" Tiruppur
8%
Seat and namesake of the northernmost major Greek island Thasos
7%
Namesake and seat of a Japanese prefecture on Shikoku Tokushima
7%
"Spiritual capital" of the Turkic Council Turkistan
6%
Birthplace of the global oil industry Titusville
5%
No matching quizzes found
Score Distribution
Percent of People with Each Score
Percentile by Number Answered
Your Score History
You have not taken this quiz since the last reset